Statistiques concernant Top 15 des pays avec les décès de Covid-19 - 23 juin

Cliquez ici pour prendre le quiz!

Statistiques générales

  • Ce quiz a été pris 19 fois
  • Le résultat moyen est 15 sur 20

Statistiques - réponses

pays% Correct
Etats-Unis
100%
Italie
100%
Allemagne
94%
Espagne
94%
France
94%
Royaume-Uni
94%
Russie
94%
Brésil
88%
Mexique
88%
Canada
82%
Inde
82%
Belgique
76%
Suisse
71%
Pérou
59%
Chili
47%
Iran
47%
Irlande
41%
Pays-Bas
41%
Suède
41%
Équateur
35%

Distribution des résultats

Percentile par nombre de réponses

% des personnes avec chaque résultat

Votre développement - résultats

Vous n’avez pas pris ce quiz